01611nam a22001937a 450000500170000000800410001702000180005804000070007604100080008308200220009110000140011324500480012725000130017526000510018830000300023936500700026952010380033965000400137720250122114946.0250122b ||||| |||| 00| 0 eng d a9789393159946 cAL aeng 223a541.223bKALS aKalsi P S aStereochemistry: confirmation and mechanism a11th ed. aLondonbNew Age International Publishersc2022 axviii,664p.bPBc24x17cm. 2GeneralaABDI/0786/25b₹449.25c₹d₹599.00e25%f06-01-2025 aStereochemistry has always occupied a central position and is pivotal to the practice of organic chemistry. A solid understanding of this subject is indeed critical to subsequent success in a science career. The new eleventh edition provides new material and problems to help the students. The key features of this new edition are: The new added material further impresses the role of stereochemistry in understanding mechanism of organic reactions and synthesis and prepares the students for NET examination. The existing material in the first chapter has been extensively rewritten and rearranged. The fundamental principles have been explained by taking the same compound bromochlorofluoromethane. New material and problems have been added in all the chapters. The updated concepts of stereochemistry and dynamic aspect of stereochemistry have been incorporated. Material on topicity has been further modified. This book will prove to be a boon to the students preparing for the NET(CSIR), GATE and other competitive examinations. 2Physical ChemistryaStereochemistry